00259nam a2200109Ia 4500008004100000041001200041082001100053100001300064245006000077260000600137650000600143221030s9999 xx 000 0 und d aEnglish a105.23 aV. Kumar 0aDigital Electronics Theroy and Experimentscby V. Kumar c0 aB